000 00422nam a2200145Ia 4500
008 100122s9999 xx 000 0 und d
082 _b12494
_a823.08
100 _aकाकोडकर चंद्रकांत
245 _aसंशय
260 _bमहाराष्ट्र ग्रंथ भांडार
_c1964
300 _a128
630 _aसंशय
730 _aसंशय
942 _cBOOK
999 _c403612
_d403609